Statistics for Clubs With the Most Players at EURO 2021

Click here to take the quiz!

General Stats

  • This quiz has been taken 81 times
  • The average score is 12 of 23

Answer Stats

NumberAnswer% Correct
8Barcelona
97%
14Manchester City
95%
10
Manchester United
89%
12Juventus
89%
8Liverpool
89%
14Bayern Munich
88%
8Inter Milan
88%
15Chelsea
85%
10Borussia Dortmund
84%
7Atlético Madrid
76%
8Tottenham Hotspur
74%
8Napoli
57%
9Atalanta
39%
7Leicester City
39%
7Lille
30%
11Dynamo Kyiv
24%
10Borussia Mönchengladbach
23%
7Wolverhampton Wanderers
20%
9RB Leipzig
16%
7Leeds United
15%
7Shakhtar Donetsk
14%
8Dinamo Zagreb
7%
7Ferencváros
7%

Score Distribution

Percentile by Number Answered

Percent of People with Each Score

Your Score History

You have not taken this quiz